<?xml version="1.0" encoding="UTF-8"?>
<record
    xmlns:xsi="http://www.w3.org/2001/XMLSchema-instance"
    xsi:schemaLocation="http://www.loc.gov/MARC21/slim http://www.loc.gov/standards/marcxml/schema/MARC21slim.xsd"
    xmlns="http://www.loc.gov/MARC21/slim">

  <leader>00658nam a22001337a 4500</leader>
  <datafield tag="040" ind1=" " ind2=" ">
    <subfield code="c">RUA </subfield>
  </datafield>
  <datafield tag="082" ind1=" " ind2=" ">
    <subfield code="a">LMA CHH 2017 B652 Or.1</subfield>
  </datafield>
  <datafield tag="100" ind1=" " ind2=" ">
    <subfield code="a">CHHOUEN RITHY &#x1788;&#x17BF;&#x1793; &#x179A;&#x17B7;&#x1791;&#x17D2;&#x1792;&#x17B8;</subfield>
  </datafield>
  <datafield tag="245" ind1=" " ind2=" ">
    <subfield code="a">study on land use master plan in khsach kandal district kandal province &#x179F;&#x17B7;&#x1780;&#x17D2;&#x179F;&#x17B6;&#x179A;&#x1796;&#x17B8;&#x1780;&#x17B6;&#x179A;&#x1780;&#x179F;&#x17B6;&#x1784;&#x1794;&#x17D2;&#x179B;&#x1784;&#x17CB;&#x1782;&#x17C4;&#x179B;&#x1794;&#x17D2;&#x179A;&#x17BE;&#x1794;&#x17D2;&#x179A;&#x17B6;&#x179F;&#x17CB;&#x178A;&#x17B8;&#x1793;&#x17C5;&#x179F;&#x17D2;&#x179A;&#x17BB;&#x1780;&#x1781;&#x17D2;&#x179F;&#x17B6;&#x1785;&#x17CB;&#x1780;&#x178E;&#x17D2;&#x178F;&#x17B6;&#x179B;&#x200B; &#x1781;&#x17C1;&#x178F;&#x17D2;&#x178F;&#x1780;&#x178E;&#x17D2;&#x178F;&#x17B6;&#x179B;</subfield>
  </datafield>
  <datafield tag="260" ind1=" " ind2=" ">
    <subfield code="a">RUA</subfield>
    <subfield code="b">Phnom penh</subfield>
    <subfield code="c">2017</subfield>
  </datafield>
  <datafield tag="300" ind1=" " ind2=" ">
    <subfield code="a">xii;55p</subfield>
    <subfield code="b">ill;</subfield>
    <subfield code="c">29cm</subfield>
  </datafield>
  <datafield tag="856" ind1=" " ind2=" ">
    <subfield code="u">https://drive.google.com/file/d/11BfmSCUCIrW8qD52e9ng981O8DjSsRIY/view?usp=sharing</subfield>
  </datafield>
  <datafield tag="942" ind1=" " ind2=" ">
    <subfield code="c">LMA</subfield>
  </datafield>
  <datafield tag="999" ind1=" " ind2=" ">
    <subfield code="c">18450</subfield>
    <subfield code="d">18450</subfield>
  </datafield>
  <datafield tag="952" ind1=" " ind2=" ">
    <subfield code="0">0</subfield>
    <subfield code="1">0</subfield>
    <subfield code="2">ddc</subfield>
    <subfield code="4">0</subfield>
    <subfield code="6">LMA_CHH_2017_000000000000000_B652_OR_1</subfield>
    <subfield code="7">0</subfield>
    <subfield code="9">82481</subfield>
    <subfield code="a">LBB</subfield>
    <subfield code="b">LBB</subfield>
    <subfield code="c">B652</subfield>
    <subfield code="d">2019-12-02</subfield>
    <subfield code="l">1</subfield>
    <subfield code="o">LMA CHH 2017 B652 Or.1</subfield>
    <subfield code="p">A42222</subfield>
    <subfield code="r">2023-03-21</subfield>
    <subfield code="s">2023-03-14</subfield>
    <subfield code="w">2019-12-02</subfield>
    <subfield code="y">LMA</subfield>
  </datafield>
  <datafield tag="952" ind1=" " ind2=" ">
    <subfield code="0">0</subfield>
    <subfield code="1">0</subfield>
    <subfield code="2">ddc</subfield>
    <subfield code="4">0</subfield>
    <subfield code="6">LMA_CHH_2017_000000000000000_B652_OR_2</subfield>
    <subfield code="7">0</subfield>
    <subfield code="9">82482</subfield>
    <subfield code="a">LBB</subfield>
    <subfield code="b">LBB</subfield>
    <subfield code="c">B652</subfield>
    <subfield code="d">2019-12-02</subfield>
    <subfield code="o">LMA CHH 2017 B652 Or.2</subfield>
    <subfield code="p">A43605</subfield>
    <subfield code="r">2019-12-02</subfield>
    <subfield code="w">2019-12-02</subfield>
    <subfield code="y">LMA</subfield>
  </datafield>
  <datafield tag="952" ind1=" " ind2=" ">
    <subfield code="0">0</subfield>
    <subfield code="1">0</subfield>
    <subfield code="2">ddc</subfield>
    <subfield code="4">0</subfield>
    <subfield code="6">LMA_CHH_2017_000000000000000_B652_OR_3</subfield>
    <subfield code="7">0</subfield>
    <subfield code="9">82483</subfield>
    <subfield code="a">LBB</subfield>
    <subfield code="b">LBB</subfield>
    <subfield code="c">B652</subfield>
    <subfield code="d">2019-12-02</subfield>
    <subfield code="l">1</subfield>
    <subfield code="o">LMA CHH 2017 B652 Or.3</subfield>
    <subfield code="p">A42964</subfield>
    <subfield code="r">2025-01-15</subfield>
    <subfield code="s">2024-12-21</subfield>
    <subfield code="w">2019-12-02</subfield>
    <subfield code="y">LMA</subfield>
  </datafield>
  <datafield tag="952" ind1=" " ind2=" ">
    <subfield code="0">0</subfield>
    <subfield code="1">0</subfield>
    <subfield code="2">ddc</subfield>
    <subfield code="4">0</subfield>
    <subfield code="6">LMA_CHH_2017_000000000000000_B652_OR_4</subfield>
    <subfield code="7">0</subfield>
    <subfield code="9">82484</subfield>
    <subfield code="a">LBB</subfield>
    <subfield code="b">LBB</subfield>
    <subfield code="c">B652</subfield>
    <subfield code="d">2019-12-02</subfield>
    <subfield code="l">3</subfield>
    <subfield code="o">LMA CHH 2017 B652 Or.4</subfield>
    <subfield code="p">A43004</subfield>
    <subfield code="r">2023-09-20</subfield>
    <subfield code="s">2023-09-19</subfield>
    <subfield code="w">2019-12-02</subfield>
    <subfield code="y">LMA</subfield>
  </datafield>
  <datafield tag="952" ind1=" " ind2=" ">
    <subfield code="0">0</subfield>
    <subfield code="1">0</subfield>
    <subfield code="2">ddc</subfield>
    <subfield code="4">0</subfield>
    <subfield code="6">LMA_CHH_2017_000000000000000_B652_OR_5</subfield>
    <subfield code="7">0</subfield>
    <subfield code="9">82485</subfield>
    <subfield code="a">LBB</subfield>
    <subfield code="b">LBB</subfield>
    <subfield code="c">B652</subfield>
    <subfield code="d">2019-12-02</subfield>
    <subfield code="l">3</subfield>
    <subfield code="o">LMA CHH 2017 B652 Or.5</subfield>
    <subfield code="p">A42709</subfield>
    <subfield code="r">2025-03-01</subfield>
    <subfield code="s">2025-01-28</subfield>
    <subfield code="w">2019-12-02</subfield>
    <subfield code="y">LMA</subfield>
  </datafield>
  <datafield tag="952" ind1=" " ind2=" ">
    <subfield code="0">0</subfield>
    <subfield code="1">0</subfield>
    <subfield code="2">ddc</subfield>
    <subfield code="4">0</subfield>
    <subfield code="6">LMA_CHH_2017_000000000000000_B652_OR_6</subfield>
    <subfield code="7">0</subfield>
    <subfield code="9">82486</subfield>
    <subfield code="a">LBB</subfield>
    <subfield code="b">LBB</subfield>
    <subfield code="c">B652</subfield>
    <subfield code="d">2019-12-02</subfield>
    <subfield code="l">3</subfield>
    <subfield code="o">LMA CHH 2017 B652 Or.6</subfield>
    <subfield code="p">A42854</subfield>
    <subfield code="r">2022-01-24</subfield>
    <subfield code="s">2021-12-28</subfield>
    <subfield code="w">2019-12-02</subfield>
    <subfield code="y">LMA</subfield>
  </datafield>
</record>
